000 00438nam a2200205Ia 4500
003 0100
008 130307s9999 xx 000 0 und d
020 _a0198235089
040 _cARRUPELIB
050 _aBJ1012.F32 2001
100 _aFoot, Philippa
245 _aNatural goodness
260 _aOxford
260 _bClarendon Press
260 _c2001
300 _a125 p.
300 _b21 cm.
650 _aETHICS
942 0 0 _01
999 _c93473
_d93473